<?xml version="1.0" encoding="UTF-8"?>
<record
    xmlns:xsi="http://www.w3.org/2001/XMLSchema-instance"
    xsi:schemaLocation="http://www.loc.gov/MARC21/slim http://www.loc.gov/standards/marcxml/schema/MARC21slim.xsd"
    xmlns="http://www.loc.gov/MARC21/slim">

  <leader>03901cam a22004214i 4500</leader>
  <controlfield tag="003">PE-LiUPU</controlfield>
  <controlfield tag="005">20250731184101.0</controlfield>
  <controlfield tag="008">191021s2018    sp a    rb    000 0 spa d</controlfield>
  <datafield tag="020" ind1=" " ind2=" ">
    <subfield code="a">8491712860</subfield>
  </datafield>
  <datafield tag="020" ind1=" " ind2=" ">
    <subfield code="a">9788491712862</subfield>
  </datafield>
  <datafield tag="035" ind1=" " ind2=" ">
    <subfield code="a">(Sirsi) a252621</subfield>
  </datafield>
  <datafield tag="040" ind1=" " ind2=" ">
    <subfield code="a">PE-LiUPU</subfield>
    <subfield code="b">spa</subfield>
    <subfield code="c">PE-LiUPU</subfield>
    <subfield code="e">rda</subfield>
  </datafield>
  <datafield tag="049" ind1=" " ind2=" ">
    <subfield code="a">PRUA</subfield>
  </datafield>
  <datafield tag="082" ind1="0" ind2="4">
    <subfield code="a">809</subfield>
    <subfield code="b">I63</subfield>
    <subfield code="2">23</subfield>
  </datafield>
  <datafield tag="245" ind1="0" ind2="0">
    <subfield code="a">Investigaci&#xF3;n e innovaci&#xF3;n en educaci&#xF3;n literaria /</subfield>
    <subfield code="c">editores, Mar&#xED;a Isabel de Vicente-Yag&#xFC;e Jara, Elena del Pilar Jim&#xE9;nez-P&#xE9;rez.</subfield>
  </datafield>
  <datafield tag="264" ind1=" " ind2="1">
    <subfield code="a">Madrid :</subfield>
    <subfield code="b">Editorial S&#xED;ntesis,</subfield>
    <subfield code="c">[2018].</subfield>
  </datafield>
  <datafield tag="300" ind1=" " ind2=" ">
    <subfield code="a">250 p&#xE1;ginas :</subfield>
    <subfield code="b">ilustraciones ;</subfield>
    <subfield code="c">23 cent&#xED;metros.</subfield>
  </datafield>
  <datafield tag="336" ind1=" " ind2=" ">
    <subfield code="a">text</subfield>
    <subfield code="2">rdacontent</subfield>
  </datafield>
  <datafield tag="337" ind1=" " ind2=" ">
    <subfield code="a">unmediated</subfield>
    <subfield code="2">rdamedia</subfield>
  </datafield>
  <datafield tag="338" ind1=" " ind2=" ">
    <subfield code="a">volume</subfield>
    <subfield code="2">rdacarrier</subfield>
  </datafield>
  <datafield tag="490" ind1="0" ind2=" ">
    <subfield code="a">Libros de S&#xED;ntesis.Psicolog&#xED;a/Educaci&#xF3;n ;</subfield>
    <subfield code="v">43</subfield>
  </datafield>
  <datafield tag="504" ind1=" " ind2=" ">
    <subfield code="a">Bibliograf&#xED;a al final de cada cap&#xED;tulo.</subfield>
  </datafield>
  <datafield tag="505" ind1="0" ind2=" ">
    <subfield code="a">Funci&#xF3;n de la literatura infantil y juvenil para la regulaci&#xF3;n de las emociones -- Leer: evaluaci&#xF3;n de la comprensi&#xF3;n y la competencia lectoras en espa&#xF1;ol -- Contextualizaci&#xF3;n y socializar la lectura: estrategias para el desarrollo de la comprensi&#xF3;n lectora en la ense&#xF1;anza de segundas lenguas -- La literatura en clases de espa&#xF1;ol como lengua extranjera en Francia: entre tradici&#xF3;n y modernidad -- Estudio de la problem&#xE1;tica en la traducci&#xF3;n de textos po&#xE9;ticos a trav&#xE9;s del an&#xE1;lisis de las traducciones al franc&#xE9;s y al ingl&#xE9;s del rayo que no cesa -- Bagaje literario y creatividad en la era de la tecnolog&#xED;as de la informaci&#xF3;n y la comunicaci&#xF3;n: impacto en la producci&#xF3;n de contenidos peri&#xF3;dicos -- La competencia en comprensi&#xF3;n lectora en lengua inglesa mediante el blogging -- La realidad aumenta en la literatura infantil y juvenil: situaci&#xF3;n actual y valoraci&#xF3;n -- La literatura infantil y juvenil -- Influencia de la exposici&#xF3;n a materiales escritos en el desarrollo de la lectoescritura -- Los juegos de rol con personajes literarios como puente hacia la obra original -- Como informar de un texto cient&#xED;fico en un medio de comunicaci&#xF3;n: estrategias divulgativas de comprensi&#xF3;n lectora -- Literatura e interculturalidad en la ense&#xF1;anza del espa&#xF1;ol como lengua extranjera: los aportes de la lectura est&#xE9;tica a la lectura intercultural -- Leer m&#xE1;s all&#xE1; del canon: las escritoras de vanguardia y de posguerra -- La narrativas de los autores grecorromanos para la ense&#xF1;anza de la cultura cl&#xE1;sica en educaci&#xF3;n secundaria -- Taller de escritura creativa: escribir y leer poes&#xED;a en una lengua extranjera -- Cambio en las metodolog&#xED;as universitarias. An&#xE1;lisis sobre el uso que hacen de las tecnolog&#xED;as de la informaci&#xF3;n y la comunicaci&#xF3;n en la formaci&#xF3;n de los estudiantes -- La competencia lectora desde una perspectiva en la ense&#xF1;anza de espa&#xF1;ol como lenguas extranjeras -- Educaci&#xF3;n en emociones a trav&#xE9;s de los cuentos -- La lectura y las habilidades comunicativas en el marco del proyecto ling&#xFC;&#xED;stico de centro: una propuesta interdisciplinar de mejora de la competencia en comunicaci&#xF3;n ling&#xFC;&#xED;stica -- La lectura viva. criterios psicol&#xF3;gicos y did&#xE1;cticos para fomentar el descubrimiento en los textos.</subfield>
  </datafield>
  <datafield tag="526" ind1=" " ind2=" ">
    <subfield code="a">P145</subfield>
  </datafield>
  <datafield tag="526" ind1=" " ind2=" ">
    <subfield code="a">P127</subfield>
  </datafield>
  <datafield tag="526" ind1=" " ind2=" ">
    <subfield code="a">P97</subfield>
  </datafield>
  <datafield tag="526" ind1=" " ind2=" ">
    <subfield code="a">P14</subfield>
  </datafield>
  <datafield tag="526" ind1=" " ind2=" ">
    <subfield code="a">P07</subfield>
  </datafield>
  <datafield tag="541" ind1=" " ind2=" ">
    <subfield code="g">004-000263;</subfield>
  </datafield>
  <datafield tag="650" ind1="0" ind2="4">
    <subfield code="a">Literature</subfield>
    <subfield code="x">Study and teaching.</subfield>
    <subfield code="2">fast</subfield>
    <subfield code="0">(OCoLC)fst01000024</subfield>
  </datafield>
  <datafield tag="700" ind1="1" ind2=" ">
    <subfield code="a">Pilar Jim&#xE9;nez-P&#xE9;rez, Elena del,</subfield>
    <subfield code="e">editor.</subfield>
  </datafield>
  <datafield tag="700" ind1="1" ind2=" ">
    <subfield code="a">Vicente-Yag&#xFC;e Jara, Mar&#xED;a Isabel de,</subfield>
    <subfield code="e">editor.</subfield>
  </datafield>
  <datafield tag="910" ind1=" " ind2=" ">
    <subfield code="a">dbm</subfield>
    <subfield code="b">ksl</subfield>
    <subfield code="c">ksl</subfield>
    <subfield code="d">20191018</subfield>
  </datafield>
  <datafield tag="942" ind1=" " ind2=" ">
    <subfield code="2">ddc</subfield>
    <subfield code="c">BOOK</subfield>
  </datafield>
  <datafield tag="994" ind1=" " ind2=" ">
    <subfield code="a">C0</subfield>
    <subfield code="b">PEPRU</subfield>
  </datafield>
  <datafield tag="596" ind1=" " ind2=" ">
    <subfield code="a">1</subfield>
  </datafield>
  <datafield tag="999" ind1=" " ind2=" ">
    <subfield code="a">809 I63</subfield>
    <subfield code="w">DEWEY</subfield>
    <subfield code="c">31853</subfield>
    <subfield code="i">80861</subfield>
    <subfield code="f">2021-11-9</subfield>
    <subfield code="g">3</subfield>
    <subfield code="l">CCODEBUL1</subfield>
    <subfield code="m">BUL</subfield>
    <subfield code="p">13.49</subfield>
    <subfield code="r">0</subfield>
    <subfield code="s">Y</subfield>
    <subfield code="t">BOOK</subfield>
    <subfield code="u">2019-10-21</subfield>
    <subfield code="x">EDUCACION</subfield>
    <subfield code="z">TO-MENCI&#xD3;N</subfield>
    <subfield code="0">COMPRA</subfield>
    <subfield code="1">FCOMPR4</subfield>
    <subfield code="o">.STAFF. Colecci&#xF3;n Ciencias Humanas y Educaci&#xF3;n</subfield>
    <subfield code="d">31853</subfield>
  </datafield>
  <datafield tag="980" ind1=" " ind2=" ">
    <subfield code="8">1</subfield>
    <subfield code="g">ALBERTO SANCHEZ Responsable de Automatizaci&#xF3;n</subfield>
  </datafield>
  <datafield tag="952" ind1=" " ind2=" ">
    <subfield code="r">2025-12-03 00:00:00</subfield>
    <subfield code="i">4</subfield>
    <subfield code="l">0</subfield>
    <subfield code="o">809 I63</subfield>
    <subfield code="p">80861</subfield>
    <subfield code="t">e1</subfield>
    <subfield code="v">18.49</subfield>
    <subfield code="w">2019-10-21</subfield>
    <subfield code="x">FACIHED</subfield>
    <subfield code="y">BK</subfield>
    <subfield code="z">inventario-2023-12-13</subfield>
    <subfield code="1">0</subfield>
    <subfield code="2">ddc</subfield>
    <subfield code="5">0</subfield>
    <subfield code="7">0</subfield>
    <subfield code="8">GEN</subfield>
    <subfield code="f">P14</subfield>
    <subfield code="a">BUL</subfield>
    <subfield code="b">BUL</subfield>
    <subfield code="c">GEN</subfield>
    <subfield code="d">2019-10-21</subfield>
    <subfield code="e">COMPRA</subfield>
    <subfield code="g">13.49</subfield>
  </datafield>
</record>
